In Sacrosanctvm Euangelium Domini nostri Iesu Christi secundum Marcũ Commenatriorum lib. VI. per Heinrychum Bullingerum. Accessit operi Praefatio De Iesu Christo pontifice maximo, & rege fidelium summo regnante in ecclesia sanctorum. Iesvs. Hic est ... Matth. 17.

Bibliographic Details
Corporate Author: Froschauer, Christoph starší (Zürich, Švajčiarsko) (Printer)
Other Authors: Froschauer, Christoph, starší, 1490-1564 (Printer), Bullinger, Heinrich, starší, 1504-1575 (Dedicator, Commentator for written text, Editor)
Format: Book
Language:Latin
PhysicalDescription:[8], 46 listov 2° 34 × 21 cm
Published: Tigvri Apvd Frosch. An. M. D. XLV. [=1545]
Subjects:

MARC

LEADER 00000nam a2200000 a 4500
001 vtls001515548
003 SK-MaSNL
005 20260302091043.0
008 251112s1545 sz f 01000 lat
015 |a SNBHFA1545 
035 |a H 10418Bak 
040 |a SNKHF  |b slo  |c SNK  |e AACR2 
041 0 |a lat 
044 |a sz  |c CH 
072 7 |a 2-23/-27  |x Biblia. Biblistika  |2 konspekt 
080 |a 27‑23  |2 2011 
080 |a 2‑21  |2 2011 
080 |a 2‑273  |2 2011 
130 0 |a Biblia  |p Matúš II.  |9 759180 
245 1 3 |a In Sacrosanctvm Euangelium Domini nostri Iesu Christi secundum Marcũ  |b Commenatriorum lib. VI. per Heinrychum Bullingerum. Accessit operi Praefatio De Iesu Christo pontifice maximo, & rege fidelium summo regnante in ecclesia sanctorum. Iesvs. Hic est ... Matth. 17. 
246 3 8 |a Commentarii Heinrych Bullinger in Marcum et Acta Apostolorum 
260 |a Tigvri  |b Apvd Frosch.  |c An. M. D. XLV. [=1545] 
300 |a [8], 46 listov  |c 2°  |c 34 × 21 cm 
500 |a Signet, iniciálky s ornamentálno-figurálnym pozadím v rámčeku na 3 - 8 riadkov 
501 |a Príväzok 1.: BIBLIA. In Acta apostolorum commentariorum libri VI. Tigvri: Apvd Christophorvm Froschouerum, 1540.  |5 SNK IB 73915/prív.1 
504 |a Marginálie, kustody 
508 |a Dedikácia: Bullinger, Heinrich starší; Froschauer, Christoph starší 
510 4 |a VD 16 B/4904 
546 |a Latinčina  |b Antiqua  |b Kurzíva 
561 |a Z knižnice františkánov Bratislava.  |5 SNK IB 73915 
562 |a Rukopisný exlibris: Conuentus Posoniensis Frŭm Minorum.  |5 SNK IB 73915 
563 |a Väzba: fragment žlto-hnedá koža s ornamentálno-figurálnou slepotlačou, poškodená, odhalené dosky na titule a rube, jedna zlomená, prefarbený chrbát dočervena s papierovým textovým štítkom na chrbte.  |5 SNK IB 73915 
630 0 7 |a Biblia  |p Matúš  |2 SNKPH  |9 163244 
650 0 7 |a teológia  |2 SNKPH  |9 1814 
650 0 7 |a biblistika  |2 SNKPH  |9 1798 
650 0 7 |a biblická interpretácia  |2 SNKPH  |9 68298 
655 7 |a komentáre  |2 SNKPH  |9 70412 
700 1 |a Froschauer, Christoph,  |c starší,  |d 1490-1564  |4 hnr  |4 prt  |9 179258 
700 1 |a Bullinger, Heinrich,  |c starší,  |d 1504-1575  |4 dto  |4 cwt  |4 edt  |9 126916 
710 0 |a Froschauer, Christoph starší (Zürich, Švajčiarsko),  |d 1517-1564  |4 prt  |9 179259 
710 0 |a Františkáni (Bratislava, Slovensko)  |4 fmo  |9 281881 
752 |a Švajčiarsko  |d Zürich 
852 |a snk  |b Františkáni Bratislava  |p IB 73915 
958 |a DA 
999 |c 1199021  |d 1200951 
952 |t Fr Ba 10 418  |a SNK  |b SNK  |c SNK_HF  |y PREZ  |7 0  |p 17A1357060  |o snkIB 73915  |i snk2020/1047  |8 5  |z Kniha má jeden príväzok  |0 0  |1 0  |4 0  |d 2005-04-05  |l 0  |r 2005-04-05 00:00:00  |w 2026-02-24